000 00470nam a2200193Ia 4500
005 20250603145729.0
008 250603s9999 xx 000 0 und d
020 _a9781292020235
050 _aHM 571 .N48/
100 _aNeuman, W. Lawrence
245 0 _aSocial research methods : qualitative and quantitative approaches
250 _a7th ed.
260 _aBoston
260 _bPearson
260 _c2014
300 _a598 p
650 _aBoston
942 _cBK
999 _c42688
_d42688